000 01259nam a22003377i 4500
999 _c175097
_d175097
005 20191203124132.0
008 191126t20092009-uka|||b |||| 00| 1 eng d
020 _a9780007284863
_cRM24.90
_qpaperback
040 _aPPAK
_beng
_cPPAK
_erda
082 0 4 _223
_a599.5
090 0 0 _a599.5
_bWOR
_dK
100 1 _aWorth, Bonnie,
_eauthor.
245 1 2 _aA Whale of a Tale! /
_cby Bonnie Worth ; illustrated by Aristides Ruiz and Joe Mathieu
264 1 _aLondon :
_bHarperCollins Children's Books,
_c2009
264 4 _c©2009
300 _a45 pages :
_bcolour illustrations ;
_c23 cm
336 _2rdacontent
_atext
337 _2rdamedia
_aunmediated
338 _2rdacarrier
_avolume
490 1 _aThe Cat in the Hat's Learning Library
500 _aIncludes index
500 _aAll about Porpoises, Dolphins and Whales
650 1 0 _aWhales
_vPictorial works
_vJuvenile literature
650 2 0 _aDolphins
_vPictorial works
_vJuvenile literature
650 2 0 _aPorpoises
_vPictorial works
_vJuvenile literature
650 2 0 _aCat in the Hat
_vPictorial works
_vJuvenile literature
700 1 _aRuiz, Aristides,
_eillustrator.
700 1 _aMathieu, Joe,
_d1949-
_eillustrator.
830 0 _aThe Cat in the Hat's learning library
942 _2ddc
_cB